Entry Personal Name
Number of records used in: 1
001 - CONTROL NUMBER
003 - CONTROL NUMBER IDENTIFIER
005 - DATE AND TIME OF LATEST TRANSACTION
- control field:
20250531140514.0
008 - FIXED-LENGTH DATA ELEMENTS
- fixed length control field:
841005n| azannaabn |n aaa
010 ## - LIBRARY OF CONGRESS CONTROL NUMBER
- LC control number:
n 84154524
035 ## - SYSTEM CONTROL NUMBER
- System control number:
(OCoLC)oca01208908
040 ## - CATALOGING SOURCE
- Original cataloging agency:
DLC
- Language of cataloging:
eng
- Description conventions:
rda
- Transcribing agency:
DLC
- Modifying agency:
MX-SlUA
- Modifying agency:
IEN
100 1# - HEADING--PERSONAL NAME
- Personal name:
Doane, David P.
373 ## - ASSOCIATED GROUP
- Associated group:
Oakland University
- Associated group:
University of Kansas
- Associated group:
Purdue University
- Associated group:
National Science Foundation (U.S.)
- Associated group:
American Statistical Association
- Source of term:
naf
374 ## - OCCUPATION
- Occupation:
College teachers
- Source of term:
lcsh
375 ## - GENDER
377 ## - ASSOCIATED LANGUAGE
670 ## - SOURCE DATA FOUND
- Source citation:
His Exploring statistics with IBM P.C., 1985:
- Information found:
CIP t.p. (David P. Doane, Oakland Univ.)
670 ## - SOURCE DATA FOUND
- Source citation:
Applied statistics in business and economics, ©2007:
- Information found:
title page (David P. Doane; Oakland University) page v (Professor of Quantitative Methods in Oakland University's Department of Decision and Information Science; earned his Bachelor of Arts degree in mathematics and economics at the University of Kansas in 1966 and PhD from Purdue University's Krannert Graduate School in 1969; co-recipient of three National Science Foundation; member of the American Statistical Association and INFORMS)